Propagation of Jackfruit (Artocarpus heterophyllus Lamb.) By Marcottage (Record no. 50197)

MARC details
000 -LEADER
fixed length control field 00400nam a22001457a 4500
003 - CONTROL NUMBER IDENTIFIER
control field OSt
008 - FIXED-LENGTH DATA ELEMENTS--GENERAL INFORMATION
fixed length control field 260425b |||||||| |||| 00| 0 eng d
082 ## - DEWEY DECIMAL CLASSIFICATION NUMBER
Classification number 634.393
Item number P27P
245 ## - TITLE STATEMENT
Title Propagation of Jackfruit (Artocarpus heterophyllus Lamb.) By Marcottage
260 ## - PUBLICATION, DISTRIBUTION, ETC. (IMPRINT)
Place of publication, distribution, etc Pusa, Samastipur
Name of publisher, distributor, etc RAU
Date of publication, distribution, etc 1998
300 ## - PHYSICAL DESCRIPTION
Extent 68P.
502 ## - DISSERTATION NOTE
Degree type Msc.
Year degree granted 1998
650 ## - SUBJECT ADDED ENTRY--TOPICAL TERM
Topical term or geographic name as entry element Fruit and Fruit Technology
942 ## - ADDED ENTRY ELEMENTS (KOHA)
Source of classification or shelving scheme
Koha item type Thesis
Holdings
Withdrawn status Lost status Source of classification or shelving scheme Damaged status Not for loan Home library Current library Date acquired Total Checkouts Full call number Barcode Date last seen Bill Date Koha item type
          Dr. Rajendra Prasad Central Agricultural University Pusa, Dr. Rajendra Prasad Central Agricultural University Pusa, 25/04/2026   634.393 P27P 46802-UL 25/04/2026 25/04/2026 Thesis
Hosted, Implemented, Customized & Maintained by: BestBookBuddies

Powered by Koha